mysqli: Table './ulib62015/stat_globaluid' is marked as crashed and should be repaired
select id from stat_globaluid where statuid='20260517200955_1159'
mysqli: Table './ulib62015/stat_globaluid' is marked as crashed and should be repaired
DELETE FROM stat_globaluid
WHERE id NOT IN (
SELECT id
FROM (
SELECT id
FROM stat_globaluid
ORDER BY id DESC
LIMIT 100
) foo
);
mysqli: Table './ulib62015/stat_globaluid' is marked as crashed and should be repaired
insert into stat_globaluid set
statuid='20260517200955_1159',
dt='1779023395',
phpself='/ULIB62015/dublinfull.php',
agent='Mozilla/5.0 AppleWebKit/537.36 (KHTML, like Gecko; compatible; ClaudeBot/1.0; +claudebot@anthropic.com)',
yea='2026',
mon='5',
dat='17',
ip='216.73.216.45'
mysqli: Table './ulib62015/stathist_viewbib_bib_type' is marked as crashed and should be repaired
insert into stathist_viewbib_bib_type set
dat='17' ,
mon='05' ,
yea='2026' ,
statuid='20260517200955_1159' ,
head='31074' ,
foot='marc' ,
dt='1779023395'
| LEADER : 01174nam 2200277 a 4500 |
| 001 31074 |
| 003 ULIB |
| 008 030417s2540 caua sb 001 0 tha |
| 060 04 ^aQZ200^bก482ก 2540
|
| 111 2 ^aการประชุมวิชาการโรคมะเร็งแห่งชาติเรื่องมะเร็งที่พบบ่อยในคนไทย^n(ครั้งที่ 4 :^d2540 :^cกรุงเทพมหานคร)
|
| 245 00 ^aกำหนดการประชุมและบทคัดย่อการประชุมวิชาการโรคมะเร็งแห่งชาติเรื่องมะเร็งที่พบบ่อยในคนไทย ครั้งที่ 4 วันที่ 11-13 พฤศจิกายน 2540 ณ โรงแรมดิเอมเมอรัลด์ กรุงเทพฯ /^cโดยสถาบันมะเร็งแห่งชาติ
|
| 246 30 ^aมะเร็งที่พบบ่อยในคนไทย
|
| 260 ^aกรุงเทพฯ :^bสถาบัน,^c2540
|
| 300 ^aหน้าไม่เรียงลำดับ ;^c27 ซม.
|
| 650 4 ^aNeoplasms^zThailand^vcongresses
|
| 650 4 ^aเนื้องอก^xไทย^vการประชุม
|
| 710 2 ^aสถาบันมะเร็งแห่งชาติ
|
| 945 ^p0^l0^i011227 |
| 999 ^alib
|
| คุณยังไม่ได้ล็อกอิน คุณสามารถมีกิจกรรมร่วมกับเว็บไซต์ได้ แต่ต้องล็อกอินก่อน :: |
|
|
|
| ลำดับที่ |
ประเภท |
เลขเรียก/บาร์โค้ด |
สถานที่ |
สถานะ |
| 1. |
 หนังสือ | QZ200 ก482ก 2540 Barcode: 011227 | หนังสือทั่วไป | บนชั้น ขอยืม |
|
ยังไม่เคยถูกคอมเมนท์
|
| คอมเมนท์ทรัพยากรรายการนี้ |
|